header

Handbook of library training practice and development. (Record no. 567)

MARC details
000 -LEADER
fixed length control field 01197nam a2200289Ia 4500
245 00 - TITLE STATEMENT
Title Handbook of library training practice and development.
260 ## - PUBLICATION, DISTRIBUTION, ETC. (IMPRINT)
Place of publication Aldershot, Hants, England ;
-- Burlington, VT :
Name of publisher Ashgate Pub. Co.,
Year of publication 2009.
300 ## - PHYSICAL DESCRIPTION
Number of Pages xxii, 414 p. :
Other physical details ill.
650 #0 - SUBJECT ADDED ENTRY--TOPICAL TERM
Topical Term Library employees
Topical Term Library employees
700 1# - ADDED ENTRY--PERSONAL NAME
Personal name Brine, Alan,
856 40 - ELECTRONIC LOCATION AND ACCESS
Uniform Resource Identifier http://site.ebrary.com/lib/rucke/Doc?id=10288748

No items available.

© 2026 Rongo University
Contact us: librarian | system librarian | Rongo university